Random German Words and Phrases - Statistics

General Stats
  • This quiz has been taken 337 times
  • The average score is 20 of 24
Answer Stats
German English % Correct
Hallo Hello
99%
Danke Thank you
98%
Morgen Morning
97%
Nein No
97%
Ja Yes
97%
Hund Dog
95%
Nacht Night
94%
Haus House
93%
Drei Three
92%
Bitte Please
91%
Deutscher German
90%
Tschüss Bye
89%
Liebe Love
88%
Eins One
88%
Milch Milk
87%
Käse Cheese
82%
Mädchen Girl
80%
Abend Evening
79%
Entschuldigung Excuse me
78%
Baum Tree
69%
Himmel Sky
59%
Mond Moon
46%
Schaf Sheep
39%
Bitte schön You're welcome
39%
No matching quizzes found
Score Distribution
Percent of People with Each Score
Percentile by Number Answered
Your Score History
You have not taken this quiz